Science and technology: a baseline study on science and technology and higher education in the SADC region (Record no. 57087)

MARC details
000 -LEADER
fixed length control field 00784nam a2200169 a 4500
008 - FIXED-LENGTH DATA ELEMENTS--GENERAL INFORMATION
fixed length control field 101125s2008 ||||||||||||||||| || u
020 ## - INTERNATIONAL STANDARD BOOK NUMBER
International Standard Book Number 9780981409917
050 ## - LIBRARY OF CONGRESS CALL NUMBER
Classification number SARUA(02)
110 ## - MAIN ENTRY--CORPORATE NAME
Corporate name or jurisdiction name as entry element Southern African Regional Universities Association (SARUA)
245 10 - TITLE STATEMENT
Title Science and technology: a baseline study on science and technology and higher education in the SADC region
260 ## - PUBLICATION, DISTRIBUTION, ETC.
Place of publication, distribution, etc. Johannesburg
Name of publisher, distributor, etc. Southern African Regional Universities Association (SARUA)
Date of publication, distribution, etc. 2008
300 ## - PHYSICAL DESCRIPTION
Extent 208p. ;ill.
350 ## - PRICE (NR) (BK AM CF MU VM SE) [OBSOLETE]
Price 0.00
650 ## - SUBJECT ADDED ENTRY--TOPICAL TERM
Topical term or geographic name entry element TECHNOLOGY--STUDY AND TEACHING--AFRICA
650 ## - SUBJECT ADDED ENTRY--TOPICAL TERM
Topical term or geographic name entry element SCIENCE--STUDY AND TEACHING--AFRICA
995 ## - RECOMMENDATION 995 [LOCAL, UNIMARC FRANCE]
-- 0.00
-- CBU-MAIN LIBRARY (Kitwe)
-- 1
-- 0.00
-- 1
-- AVAILABLE
-- Nov 29, 2010
-- International Publications
Holdings
Withdrawn status Lost status Source of classification or shelving scheme Damaged status Not for loan Home library Current library Shelving location Date acquired Total Checkouts Full call number Barcode Date last seen Price effective from Koha item type
          CBU-MAIN LIBRARY, KITWE. CBU-MAIN LIBRARY, KITWE.   11/30/2022   SARUA(02) 03007416 11/30/2022 11/30/2022 MONOGRAPH